000 01035nam a2200301 a 4500
999 _c1971
_d1971
003 OSt
005 20190626101320.0
008 131101s2006 sz ||||| |||| 00| 0 eng d
020 _a92-4-157237-X
040 _cBiblioteca Medicina
041 _aeng
082 _aOMS WA 30.5
110 _aOrganizacion Mundial de la Salud
_91006
245 0 0 _aEnvironmental Health Criteria 237: principles for evaluating health risks in children associated with exposure to chemicals
250 _a1º ed.
260 _aGinebra
_bOrganizacion Mundial de la Salud
_c2006
300 _a329 p.
440 0 0 _aInternational Programme on Chemical Safety
_92782
500 _aBaja Depósito Caja 32 Junio 2019
546 _aTexto en ingles, resumen y conclusion en español
653 _aSALUD AMBIENTAL
653 _aMEDICION DE RIESGO
653 _aCONTAMINACION-NIÑOS
653 _aQUIMICOS ORGANICOS-EFECTOS ADVERSOS
653 _aQUIMICOS INORGANICOS-EFECTOS ADVERSOS
653 _aEXPOSICION A RIESGOS AMBIENTALES
942 _2ddc
_cPH